| 000 | 00959cam a22002417a 4500 | ||
|---|---|---|---|
| 999 |
_c58227 _d58227 |
||
| 001 | 15378369 | ||
| 005 | 20210922125638.0 | ||
| 008 | 080723s2007 enk bf 000 0 eng d | ||
| 020 | _a9781873576748 | ||
| 041 | _aeng | ||
| 080 | _a371.58 C-58 | ||
| 082 | 0 | 4 | _2 |
| 100 | 1 |
_aCarroll, Jude. _912518 |
|
| 245 | 1 | 2 |
_aA handbook for deterring plagiarism in higher education / _cJude Carroll. |
| 250 | _aSecond edition | ||
| 264 |
_aOxford : _bOxford Centre for Staff and Learning Development, _c2007. |
||
| 300 |
_a128 p. ; _c25 cm. |
||
| 504 | _aIncludes bibliographical references (p. [123]-128). | ||
| 653 | _aსახელმძღვანელო უმაღლეს განათლებაში პლაგიატის აღსაკვეთად | ||
| 653 | _aპლაგიატი | ||
| 942 |
_2udc _cBK |
||
| 955 |
_ajb09 2008-07-23 z-processor copy 1 to HLCD; _clg13 2008-10-01 to WHL/REVIEW _alg23 2008-10-09 (rev.) to subj. |
||